Closest Countries to the UK - Statistics

General Stats
  • This quiz has been taken 20 times
  • The average score is 18 of 20
Answer Stats
km Answer miles % Correct
1,100 Austria 685
100%
320 Belgium 200
100%
35 France 22
100%
600 Germany 370
100%
50 Ireland 30
100%
1,250 Italy 780
100%
360 Netherlands 220
100%
700 Norway 435
100%
1,250 Spain 780
100%
1,000 Sweden 620
100%
850 Switzerland 530
100%
650 Denmark 400
95%
470 Luxembourg 290
95%
1,300 Andorra 810
90%
1,050 Czech Republic 650
90%
900 Liechtenstein 560
90%
1,150 San Marino 715
75%
1350 Vatican 840
75%
980 Monaco 610
70%
1,300 Slovenia 810
65%
No matching quizzes found
Score Distribution
Percent of People with Each Score
Percentile by Number Answered
Your Score History
You have not taken this quiz